ZfB: Zeitschrift für Betriebswirtschaft Journal of business economics

Na minha lista:
Detalhes bibliográficos
Formato: Periódico
Idioma:alemão
Publicado em: Wiesbaden Gabler
Assuntos:
Tags: Adicionar Tag
Sem tags, seja o primeiro a adicionar uma tag!

MARC

LEADER 00000nas1a2200000 4500
001 s120295
005 20250725083202.6
022 |a 0044-2372 
041 0 |a ger 
044 |a DE 
245 1 0 |a ZfB: Zeitschrift für Betriebswirtschaft  |b Journal of business economics 
264 1 |a Wiesbaden  |b Gabler 
500 |a Od 1.1.2013 zmena názvu 
610 2 0 |a riadenie podnikové 
610 2 0 |a veda o podniku 
610 2 0 |a politika podniková